Veličiny a jednotky. STN 01 1301. ISO 31-7 : 7. časť: Akustika.Zmena 1. Národná príloha NC. August 1999

Na minha lista:
Detalhes bibliográficos
Formato: Livro
Idioma:eslovaco
Publicado em: Bratislava : Slovenský ústav technickej normalizácie, 1999
Assuntos:
Tags: Adicionar Tag
Sem tags, seja o primeiro a adicionar uma tag!

MARC

LEADER 00000nam a22000003a 4500
001 stu79252
005 20150408161713.5
008 030225s1999----xo------------------slo-d
040 |a STU  |b slo 
041 0 |a slo 
044 |a xo 
080 |a 389.15/.16 
245 |a Veličiny a jednotky. STN 01 1301. ISO 31-7 :  |b 7. časť: Akustika.Zmena 1. Národná príloha NC. August 1999 
260 |a Bratislava :  |b Slovenský ústav technickej normalizácie,  |c 1999 
300 |a 12 s 
650 7 |a veličiny  |2 stusub 
650 7 |a jednotky  |2 stusub 
650 7 |a akustika  |2 stusub 
996 |b 284M039156  |c M*N-497/13-1  |l MMKN  |s A  |a 24  |w stu79252_0001